header

BISCUITS BIG FRIEND (Record no. 264070)

MARC details
000 -LEADER
fixed length control field 00218nam a22000977a 4500
020 ## - INTERNATIONAL STANDARD BOOK NUMBER
ISBN 0439762391
100 ## - MAIN ENTRY--AUTHOR NAME
Personal name ALYSSA SATIN CAPUCILLI
245 ## - TITLE STATEMENT
Title BISCUITS BIG FRIEND
260 ## - PUBLICATION, DISTRIBUTION, ETC. (IMPRINT)
Place of publication U.S.A
Name of publisher SCHOLASTIC
Year of publication 2003
942 ## - ADDED ENTRY ELEMENTS (KOHA)
Koha item type Long Loan Books
Holdings
Withdrawn status Lost status Collection code Home library Current library Shelving location Date acquired Koha item type
    Fiction Rongo University Library Rongo University Library Children's Area 01/08/2024 Long Loan Books

© 2026 Rongo University
Contact us: librarian | system librarian | Rongo university